000
00339nam a2200133Ia 4500
008
240624s9999 xx 000 0 und d
041
_a
eng
082
_a
658.4012 AUN
100
_a
AUNG U ZEYAR
245
_a
MANAGERIAL STRATEGIES AND PRACTICE IN TH
260
_c
2016
_a
USA
_b
IGI Global
300
_a
xxi, 395 p.; 26 cm.
365
_c
_b
38
999
_c
30579
_d
30579